000
00319nam a22001337a 4500
008
181025b xxu||||| |||| 00| 0 eng d
020
_a
0387541503
041
_a
eng
080
_a
610.073
100
_a
2
101
_a
INF
245
_a
The Lippincott Mnaual Of Nursing Practice
_c
Lippincott.k.p
942
_2
udc
_c
BK
999
_c
50914
_d
50914